India book of the year 2002 (Record no. 14927)

MARC details
000 -LEADER
fixed length control field 00581nam a2200205Ia 4500
003 - CONTROL NUMBER IDENTIFIER
control field IN-BaIIA
008 - FIXED-LENGTH DATA ELEMENTS--GENERAL INFORMATION
fixed length control field 211028s9999 xx 000 0 eng d
020 ## - INTERNATIONAL STANDARD BOOK NUMBER
International Standard Book Number 0-85229-830-7
040 ## - CATALOGING SOURCE
Transcribing agency IIA Library
080 ## - UNIVERSAL DECIMAL CLASSIFICATION NUMBER
Universal Decimal Classification number 58
Item number ENB-02
110 ## - MAIN ENTRY--CORPORATE NAME
Corporate name or jurisdiction name as entry element Encyclopedia Britannica
9 (RLIN) 10946
245 #0 - TITLE STATEMENT
Title India book of the year 2002
Statement of responsibility, etc. Encyclopedia Britannica
260 ## - PUBLICATION, DISTRIBUTION, ETC.
Place of publication, distribution, etc. New Delhi
Name of publisher, distributor, etc. Encyclopaedia Britannica
Date of publication, distribution, etc. 2002
300 ## - PHYSICAL DESCRIPTION
Extent xvi, 500p.
650 ## - SUBJECT ADDED ENTRY--TOPICAL TERM
Topical term or geographic name entry element data 2001
9 (RLIN) 26971
650 ## - SUBJECT ADDED ENTRY--TOPICAL TERM
Topical term or geographic name entry element Dates of 2001
9 (RLIN) 26972
650 ## - SUBJECT ADDED ENTRY--TOPICAL TERM
Topical term or geographic name entry element events of 2001
9 (RLIN) 26973
650 ## - SUBJECT ADDED ENTRY--TOPICAL TERM
Topical term or geographic name entry element Special Reports
9 (RLIN) 26974
942 ## - ADDED ENTRY ELEMENTS (KOHA)
Koha item type Books
Holdings
Withdrawn status Lost status Damaged status Not for loan Home library Current library Shelving location Date acquired Source of acquisition Cost, normal purchase price Total Checkouts Full call number Barcode Date last seen Cost, replacement price Price effective from Koha item type Purchase Price
        IIA Library-Bangalore IIA Library-Bangalore General Stacks 29/01/2003 SABD 695.00   058/ ENB-02 15849 05/11/2021 695.00 29/01/2003 Books Rs. 695.00

Powered by Koha